{"text_format":"3","workbook":"xlsx","n_sheets":1,"sheets":["t82"],"read":"whole","date_system":"1900"}

{"sheet":"t82","index":0,"n_rows":142,"n_cols":7,"rows_kept":142,"merged":[[0,0,0,6],[30,0,30,5],[44,0,44,5],[131,0,131,5]]}
["TABELA 82.1 - Estatísticas Agrícolas, Município de Borá, Estado de São Paulo, 2007/08."]
["ITEM","UNIDADE","N.DE UPAs","MÍNIMO","MÉDIO","MÁXIMO","TOTAL"]
["Distância à sede do município","km",83,0.1,7.4,{"v":28,"d":"28.0"},"-"]
["Área total","hectare",83,1.8,{"v":160.81,"d":"160.8"},{"v":2178,"d":"2,178.0"},{"v":13347.4,"d":"13,347.4"}]
["Área com cultura perene","hectare",1,{"v":1,"d":"1.0"},{"v":1,"d":"1.0"},{"v":1,"d":"1.0"},{"v":1,"d":"1.0"}]
["Área com cultura temporária","hectare",33,0.5,{"v":136.14,"d":"136.1"},{"v":1168.7,"d":"1,168.7"},{"v":4492.6,"d":"4,492.6"}]
["Área com pastagem","hectare",62,1.5,{"v":108.14,"d":"108.1"},{"v":680,"d":"680.0"},{"v":6704.7,"d":"6,704.7"}]
["Área com reflorestamento","hectare",3,0.3,{"v":1.23,"d":"1.2"},2.4,3.7]
["Área com vegetação natural","hectare",65,0.1,{"v":8.98,"d":"9.0"},136.3,583.5]
["Área com vegetação de brejo e várzea","hectare",28,0.5,{"v":3.69,"d":"3.7"},9.7,103.2]
["Área em descanso","hectare",10,4.8,{"v":127.19,"d":"127.2"},{"v":1000.3,"d":"1,000.3"},{"v":1271.9,"d":"1,271.9"}]
["Área complementar","hectare",63,0.1,{"v":2.97,"d":"3.0"},{"v":48,"d":"48.0"},186.8]
["Área das UPAs com (0, 1] ha","hectare","-","-","-","-","-"]
["Área das UPAs com (1, 2] ha","hectare",1,1.8,1.8,1.8,1.8]
["Área das UPAs com (2, 5] ha","hectare",6,2.4,3.7,4.8,22.2]
["Área das UPAs com (5, 10] ha","hectare",2,6.7,8.2,9.7,16.4]
["Área das UPAs com (10, 20] ha","hectare",6,12.1,{"v":15.97,"d":"16.0"},19.7,95.8]
["Área das UPAs com (20, 50] ha","hectare",17,21.7,{"v":32.76,"d":"32.8"},48.5,{"v":557,"d":"557.0"}]
["Área das UPAs com (50, 100] ha","hectare",13,52.4,{"v":72.11,"d":"72.1"},96.8,937.4]
["Área das UPAs com (100, 200] ha","hectare",20,100.4,{"v":143.37,"d":"143.4"},193.6,{"v":2867.4,"d":"2,867.4"}]
["Área das UPAs com (200, 500] ha","hectare",13,208.1,{"v":299.25,"d":"299.3"},435.6,{"v":3890.3,"d":"3,890.3"}]
["Área das UPAs com (500, 1.000] ha","hectare",4,592.9,{"v":695.28,"d":"695.3"},822.8,{"v":2781.1,"d":"2,781.1"}]
["Área das UPAs com (1.000, 2.000] ha","hectare","-","-","-","-","-"]
["Área das UPAs com (2.000, 5.000] ha","hectare",1,{"v":2178,"d":"2,178.0"},{"v":2178,"d":"2,178.0"},{"v":2178,"d":"2,178.0"},{"v":2178,"d":"2,178.0"}]
["Área das UPAs com (5.000, 10.000] ha","hectare","-","-","-","-","-"]
["Área das UPAs acima de 10.000 ha","hectare","-","-","-","-","-"]
["Familiares do proprietário que trabalham na UPA","unidade",54,{"v":1,"d":"1.0"},{"v":1.33,"d":"1.3"},{"v":7,"d":"7.0"},{"v":72,"d":"72.0"}]
["Trabalhadores permanentes","unidade",25,{"v":1,"d":"1.0"},{"v":1.56,"d":"1.6"},{"v":4,"d":"4.0"},{"v":39,"d":"39.0"}]
["Fonte: Secretaria de Agricultura e Abastecimento, CDRS/IEA, Projeto LUPA."]
[]
["TABELA 82.2 - Explorações Animais, Município de Borá, Estado de São Paulo, 2007/08."]
["ITEM","UNIDADE","N.DE UPAs","MÍNIMO","MÉDIO","MÁXIMO","TOTAL"]
["Apicultura","colmeias",1,{"v":1,"d":"1.0"},{"v":1,"d":"1.0"},{"v":1,"d":"1.0"},{"v":1,"d":"1.0"}]
["Asininos E Muares","cabeças",6,{"v":1,"d":"1.0"},{"v":3,"d":"3.0"},{"v":8,"d":"8.0"},{"v":18,"d":"18.0"}]
["Avicultura de Corte","cabeças/ano",3,{"v":15,"d":"15.0"},{"v":26.33,"d":"26.3"},{"v":40,"d":"40.0"},{"v":79,"d":"79.0"}]
["Avicultura para Ovos","cabeças",3,{"v":5,"d":"5.0"},{"v":7,"d":"7.0"},{"v":10,"d":"10.0"},{"v":21,"d":"21.0"}]
["Bovinocultura de Corte","cabeças",31,{"v":10,"d":"10.0"},{"v":234.81,"d":"234.8"},{"v":1058,"d":"1,058.0"},{"v":7279,"d":"7,279.0"}]
["Bovinocultura Leiteira","cabeças",10,{"v":9,"d":"9.0"},51.1,{"v":100,"d":"100.0"},{"v":511,"d":"511.0"}]
["Bovinocultura Mista","cabeças",15,{"v":3,"d":"3.0"},{"v":26,"d":"26.0"},{"v":127,"d":"127.0"},{"v":390,"d":"390.0"}]
["Equinocultura","cabeças",44,{"v":1,"d":"1.0"},{"v":4.57,"d":"4.6"},{"v":20,"d":"20.0"},{"v":201,"d":"201.0"}]
["Ovinocultura","cabeças",3,{"v":2,"d":"2.0"},{"v":117.33,"d":"117.3"},{"v":300,"d":"300.0"},{"v":352,"d":"352.0"}]
["Suinocultura","cabeças",6,{"v":1,"d":"1.0"},{"v":19.83,"d":"19.8"},{"v":50,"d":"50.0"},{"v":119,"d":"119.0"}]
["Fonte: Secretaria de Agricultura e Abastecimento, CDRS/IEA, Projeto LUPA."]
[]
["TABELA 82.3 -  Máquinas, Implementos e Benfeitorias, Município de Borá, Estado de São Paulo, 2007/08."]
["ITEM","UNIDADE","N.DE UPAs","MÍNIMO","MÉDIO","MÁXIMO","TOTAL"]
["Arado Comum (Bacia, Aiveca)","Unidade",5,{"v":1,"d":"1.0"},{"v":1,"d":"1.0"},{"v":1,"d":"1.0"},{"v":5,"d":"5.0"}]
["Arado Escarificador","Unidade",4,{"v":1,"d":"1.0"},{"v":1.25,"d":"1.3"},{"v":2,"d":"2.0"},{"v":5,"d":"5.0"}]
["Arado Subsolador","Unidade",4,{"v":1,"d":"1.0"},{"v":1,"d":"1.0"},{"v":1,"d":"1.0"},{"v":4,"d":"4.0"}]
["Colhedeira Acoplada","Unidade",2,{"v":1,"d":"1.0"},{"v":1,"d":"1.0"},{"v":1,"d":"1.0"},{"v":2,"d":"2.0"}]
["Computador","Unidade",1,{"v":1,"d":"1.0"},{"v":1,"d":"1.0"},{"v":1,"d":"1.0"},{"v":1,"d":"1.0"}]
["Conjunto de Fenação","Unidade",1,{"v":1,"d":"1.0"},{"v":1,"d":"1.0"},{"v":1,"d":"1.0"},{"v":1,"d":"1.0"}]
["Desintegrador, Picador, Triturador","Unidade",10,{"v":1,"d":"1.0"},{"v":1,"d":"1.0"},{"v":1,"d":"1.0"},{"v":10,"d":"10.0"}]
["Distribuidor de Calcário","Unidade",5,{"v":1,"d":"1.0"},1.4,{"v":3,"d":"3.0"},{"v":7,"d":"7.0"}]
["Ensiladeira","Unidade",3,{"v":1,"d":"1.0"},{"v":1,"d":"1.0"},{"v":1,"d":"1.0"},{"v":3,"d":"3.0"}]
["Grade Aradora (Tipo Romi)","Unidade",9,{"v":1,"d":"1.0"},{"v":1.11,"d":"1.1"},{"v":2,"d":"2.0"},{"v":10,"d":"10.0"}]
["Grade Niveladora","Unidade",6,{"v":1,"d":"1.0"},{"v":1,"d":"1.0"},{"v":1,"d":"1.0"},{"v":6,"d":"6.0"}]
["Misturador de Ração","Unidade",1,{"v":1,"d":"1.0"},{"v":1,"d":"1.0"},{"v":1,"d":"1.0"},{"v":1,"d":"1.0"}]
["Ordenhadeira Mecânica","Unidade",5,{"v":1,"d":"1.0"},{"v":1,"d":"1.0"},{"v":1,"d":"1.0"},{"v":5,"d":"5.0"}]
["Pulverizador Tratorizado","Unidade",4,{"v":1,"d":"1.0"},{"v":1.25,"d":"1.3"},{"v":2,"d":"2.0"},{"v":5,"d":"5.0"}]
["Resfriador de Leite, Tanque Expansão","Unidade",4,{"v":1,"d":"1.0"},{"v":1,"d":"1.0"},{"v":1,"d":"1.0"},{"v":4,"d":"4.0"}]
["Roçadeira Tratorizada","Unidade",3,{"v":1,"d":"1.0"},{"v":1.33,"d":"1.3"},{"v":2,"d":"2.0"},{"v":4,"d":"4.0"}]
["Semeadeira/Adubadeira para Plantio Convencional","Unidade",1,{"v":2,"d":"2.0"},{"v":2,"d":"2.0"},{"v":2,"d":"2.0"},{"v":2,"d":"2.0"}]
["Semeadeira/Plantadeira Plantio Direto","Unidade",1,{"v":1,"d":"1.0"},{"v":1,"d":"1.0"},{"v":1,"d":"1.0"},{"v":1,"d":"1.0"}]
["Terraceador","Unidade",1,{"v":1,"d":"1.0"},{"v":1,"d":"1.0"},{"v":1,"d":"1.0"},{"v":1,"d":"1.0"}]
["Trator de Pneus","Unidade",20,{"v":1,"d":"1.0"},{"v":1.05,"d":"1.1"},{"v":2,"d":"2.0"},{"v":21,"d":"21.0"}]
["Açude/Represa","Unidade",16,{"v":1,"d":"1.0"},{"v":1.56,"d":"1.6"},{"v":3,"d":"3.0"},{"v":25,"d":"25.0"}]
["Almoxarifado/Oficina","Unidade",4,{"v":1,"d":"1.0"},{"v":1.75,"d":"1.8"},{"v":2,"d":"2.0"},{"v":7,"d":"7.0"}]
["Armazém para Grãos Ensacados","Sacas",4,{"v":1,"d":"1.0"},{"v":1,"d":"1.0"},{"v":1,"d":"1.0"},{"v":4,"d":"4.0"}]
["Balança para Bovinos","Unidade",2,{"v":1,"d":"1.0"},{"v":1,"d":"1.0"},{"v":1,"d":"1.0"},{"v":2,"d":"2.0"}]
["Barracão/Galpão/Garagem","Unidade",16,{"v":1,"d":"1.0"},{"v":1.63,"d":"1.6"},{"v":5,"d":"5.0"},{"v":26,"d":"26.0"}]
["Biodigestor","Unidade",1,{"v":2,"d":"2.0"},{"v":2,"d":"2.0"},{"v":2,"d":"2.0"},{"v":2,"d":"2.0"}]
["Casa de Moradia Habitada","Unidade",44,{"v":1,"d":"1.0"},{"v":1.61,"d":"1.6"},{"v":5,"d":"5.0"},{"v":71,"d":"71.0"}]
["Casa de Moradia Total","Unidade",61,{"v":1,"d":"1.0"},{"v":2.39,"d":"2.4"},{"v":18,"d":"18.0"},{"v":146,"d":"146.0"}]
["Curral/Mangueira","Unidade",56,{"v":1,"d":"1.0"},{"v":1.11,"d":"1.1"},{"v":2,"d":"2.0"},{"v":62,"d":"62.0"}]
["Depósito/Tulha","Unidade",36,{"v":1,"d":"1.0"},{"v":1.36,"d":"1.4"},{"v":6,"d":"6.0"},{"v":49,"d":"49.0"}]
["Estábulo","Unidade",2,{"v":1,"d":"1.0"},{"v":1,"d":"1.0"},{"v":1,"d":"1.0"},{"v":2,"d":"2.0"}]
["Pocilga","Unidade",4,{"v":1,"d":"1.0"},{"v":2,"d":"2.0"},{"v":5,"d":"5.0"},{"v":8,"d":"8.0"}]
["Poço Semi-Artesiano","Unidade",7,{"v":1,"d":"1.0"},{"v":1.29,"d":"1.3"},{"v":2,"d":"2.0"},{"v":9,"d":"9.0"}]
["Usina de Açúcar/destilaria","Unidade",1,{"v":1,"d":"1.0"},{"v":1,"d":"1.0"},{"v":1,"d":"1.0"},{"v":1,"d":"1.0"}]
["Fonte: Secretaria de Agricultura e Abastecimento, CDRS/IEA, Projeto LUPA."]
[]
["TABELA 82.4 - Outras Estatísticas Agrícolas, Município de Borá, Estado de São Paulo, 2007/08."]
["ITEM","Número de UPAs",null,"Percentual"]
["Faz Parte de Associação de Produtores",10,null,{"v":12.048192771084338,"d":"12.0"}]
["Faz Parte de Cooperativa de Produtores",40,null,{"v":48.19277108433735,"d":"48.2"}]
["Faz Parte do Sindicato de Produtores",15,null,{"v":18.072289156626503,"d":"18.1"}]
["Não utiliza assistência técnica ",28,null,{"v":33.734939759036145,"d":"33.7"}]
["Utiliza somente assistência técnica governamental ",22,null,{"v":26.50602409638554,"d":"26.5"}]
["Utiliza somente assistência técnica privada ",17,null,{"v":20.481927710843372,"d":"20.5"}]
["Utiliza assistência técnica tanto governamental quanto privada",16,null,{"v":19.277108433734938,"d":"19.3"}]
["Utiliza Crédito Rural",9,null,{"v":10.843373493975903,"d":"10.8"}]
["Utiliza Seguro Rural",1,null,{"v":1.2048192771084338,"d":"1.2"}]
["Utiliza Escrituração Agrícola",42,null,{"v":50.602409638554214,"d":"50.6"}]
["Acessa Internet p/ Fins na Agropecuária",13,null,{"v":15.66265060240964,"d":"15.7"}]
["Utiliza Computador nas Atividades Agropecuárias",16,null,{"v":19.277108433734938,"d":"19.3"}]
["Utiliza Energia Elétrica Para Uso na Atividade Agrícola",67,null,{"v":80.72289156626505,"d":"80.7"}]
["Realiza Análise de Solo, quando necessário",40,null,{"v":48.19277108433735,"d":"48.2"}]
["Utiliza Práticas de Conservação de Solo, quando necessário",70,null,{"v":84.33734939759036,"d":"84.3"}]
["Faz Adubação Mineral, quando necessário",51,null,{"v":61.44578313253012,"d":"61.4"}]
["Faz Adubação Orgânica, quando necessário",26,null,{"v":31.32530120481928,"d":"31.3"}]
["Faz Adubação Verde, quando necessário",1,null,{"v":1.2048192771084338,"d":"1.2"}]
["Utiliza Manejo Integrado de Pragas (MIP)","-",null,"-"]
["Utiliza Hidroponia","-",null,"-"]
["Utiliza Plasticultura","-",null,"-"]
["Utiliza Mudas Fiscalizadas",23,null,{"v":27.710843373493976,"d":"27.7"}]
["Utiliza Semente Melhorada",3,null,{"v":3.6144578313253013,"d":"3.6"}]
["Faz Confinamento de Bovinos",2,null,{"v":2.4096385542168677,"d":"2.4"}]
["Utiliza Pastejo Intensivo",35,null,{"v":42.16867469879518,"d":"42.2"}]
["Faz Inseminação Artificial",1,null,{"v":1.2048192771084338,"d":"1.2"}]
["Faz Mineralização do Rebanho",60,null,{"v":72.28915662650601,"d":"72.3"}]
["Faz Vermifugação do Rebanho",60,null,{"v":72.28915662650601,"d":"72.3"}]
["Possui Parceiros /Arrendatários na Exploração Animal",15,null,{"v":18.072289156626503,"d":"18.1"}]
["Esporte e lazer","-",null,"-"]
["Extração mineral","-",null,"-"]
["Hotel Fazenda, Pousada ou SPA","-",null,"-"]
["Pesque-pague","-",null,"-"]
["Restaurante ou Lanchonete","-",null,"-"]
["Transformação artesanal","-",null,"-"]
["Turismo rural ou ecoturismo","-",null,"-"]
["Outras atividades econômicas rurais","-",null,"-"]
["Agroindústria","-",null,"-"]
["Proprietário sem instrução ou com instrução incompleta",9,null,{"v":10.843373493975903,"d":"10.8"}]
["Proprietário com antigo primário completo",34,null,{"v":40.963855421686745,"d":"41.0"}]
["Proprietário com 1° grau (ou antigo ginasial) completo",11,null,{"v":13.253012048192772,"d":"13.3"}]
["Proprietário com 2° grau (ou antigo colegial) completo",11,null,{"v":13.253012048192772,"d":"13.3"}]
["Proprietário com curso superior completo ",16,null,{"v":19.277108433734938,"d":"19.3"}]
["Pessoa Jurídica",2,null,{"v":2.4096385542168677,"d":"2.4"}]
["Proprietário residente na própria UPA ",9,null,{"v":10.843373493975903,"d":"10.8"}]
["Fonte: Secretaria de Agricultura e Abastecimento, CDRS/IEA, Projeto LUPA."]
[]
["TABELA 82.5 - Área Cultivada, Município de Borá, Estado de São Paulo, 2007/08."]
["CULTURA","N.DE UPAs","MÍNIMO","MÉDIO","MÁXIMO","TOTAL"]
["Braquiaria",60,1.5,{"v":111.06,"d":"111.1"},{"v":680,"d":"680.0"},{"v":6663.6,"d":"6,663.6"}]
["Cana-de-acucar",29,0.5,{"v":146.83,"d":"146.8"},{"v":1168.7,"d":"1,168.7"},{"v":4258,"d":"4,258.0"}]
["Mandioca",4,0.2,32.7,99.2,130.8]
["Amendoim",1,{"v":104,"d":"104.0"},{"v":104,"d":"104.0"},{"v":104,"d":"104.0"},{"v":104,"d":"104.0"}]
["Gramas",3,{"v":2,"d":"2.0"},{"v":13.53,"d":"13.5"},{"v":27,"d":"27.0"},40.6]
["Eucalipto",3,0.3,{"v":1.23,"d":"1.2"},2.4,3.7]
["Cafe",1,{"v":1,"d":"1.0"},{"v":1,"d":"1.0"},{"v":1,"d":"1.0"},{"v":1,"d":"1.0"}]
["Capim-napier (ou capim-elefante)",1,0.5,0.5,0.5,0.5]
["Fonte: Secretaria de Agricultura e Abastecimento, CDRS/IEA, Projeto LUPA."]